Crop husbandry in South India with special reference to Andhra Pradesh (Record no. 21855)

MARC details
000 -LEADER
fixed length control field 00330nam a2200109Ia 4500
082 ## - DEWEY DECIMAL CLASSIFICATION NUMBER
Classification number 633(540)
Item number SAM
100 ## - MAIN ENTRY--AUTHOR NAME
Personal name Sambasiva Rao
245 #0 - TITLE STATEMENT
Title Crop husbandry in South India with special reference to Andhra Pradesh
260 ## - PUBLICATION, DISTRIBUTION, ETC. (IMPRINT)
Place of publication Andhra Pradesh
Name of publisher Sreelakshmi press
Year of publication 1964
942 ## - ADDED ENTRY ELEMENTS (KOHA)
Koha item type Books
Holdings
Withdrawn status Lost status Damaged status Not for loan Home library Current library Date acquired Full call number Accession Number Koha item type
        RRII Library RRII Library 16/12/2021 633(540) SAM 02572 Books